LIBRARY & INFORMATION CENTRE, KCAET, TAVANUR

ONLINE PUBLIC ACCESS CATALOGUE (OPAC)

Dylan thomas:the legend and the poet: a collection of biographical and critical essays / (Record no. 12646)

MARC details
000 -LEADER
fixed length control field 00413cam a2200145ua 4500
041 ## - LANGUAGE CODE
Language code of text/sound track or separate title eng
082 ## - DEWEY DECIMAL CLASSIFICATION NUMBER
Classification number 828.09
Item number TED/DY
100 ## - MAIN ENTRY--AUTHOR NAME
Personal name Tedlock, E W .
245 ## - TITLE STATEMENT
Title Dylan thomas:the legend and the poet: a collection of biographical and critical essays /
260 ## - PUBLICATION, DISTRIBUTION, ETC. (IMPRINT)
Place of publication London :
Name of publisher Heinemann ,
Year of publication 1963.
300 ## - PHYSICAL DESCRIPTION
Number of Pages 283 ; .
942 ## - ADDED ENTRY ELEMENTS (KOHA)
Koha item type Books
Holdings
Withdrawn status Lost status Damaged status Home library Current library Date acquired Cost, normal purchase price Full call number Accession Number Koha item type Public note
Withdrawn     KAUAET Malayalam University 07/04/2012 25.00 828.09 6754 Books Transferred to Malayalam University
free website counter